000 00279nam a22001097a 4500
008 170112b xxu||||| |||| 00| 0 eng d
020 _a9780130990099
041 _aeng
080 _27TH
_a618.2
245 _aMATERNAL-NEWBORN NURSING&WOMEN'S HEALTH CARE
_cOLDS, S.B
942 _2udc
_cBK
999 _c2765
_d2765